000 00894nam a2200265Ia 4500
003 OSt
005 20221005111218.0
006 a|||||r|||| 00| 0
007 ta
008 221004b |||||||| |||| 00| 0 hin d
020 _a8170551668 (hbk)
_c55
024 _a11142
037 _b325, 20/03/2014, Vani Prakashan
_cTextual
040 _aCRL
_cCRL
_bhin
041 _2hin
_ahin
082 _aO152,3NNA,JK, P7
100 _aनागार्जुन
245 0 _aजमनिया का बााबा
246 _aJamaniyā kā bāābā
260 _aनई दिल्ली
_bवाणी प्रकाशन भारत
_c2007
300 _a139पृ0
_ccm.
650 _aहिन्दी साहित्य
942 _hO152,3NNA,JK, P7
_cTEXL
_2cc
999 _c1021166
_d1021166